| 000 | 008020000a22002290004500 | ||
|---|---|---|---|
| 090 |
_aAR _b02983 |
||
| 245 | 1 | 0 | _aAnimal dispersal in fragmented habitat: measuring habitat connectivity, corridor use, and dispersal mortality |
| 650 | 1 | 4 |
_aFragmentación de Hábitat _918453 |
| 650 | 1 | 4 |
_aMovilidad _993720 |
| 650 | 1 | 4 |
_aConectividad _95460 |
| 650 | 1 | 4 |
_aMortalidad _99773 |
| 650 | 1 | 4 |
_aEcología del paisaje _992227 |
| 651 | 4 |
_lKellerberrin _pAustralia _992749 |
|
| 653 |
_gMalururs _eMalurus pulcherrimus |
||
| 653 |
_gPomatostomus _ePomatostomus superciliosus |
||
| 041 | 0 | _aInglés | |
| 700 | 1 |
_aBrooker, Michael _996546 |
|
| 700 | 1 |
_aCale, Peter _996547 |
|
| 100 | 1 |
_aBrooker, Lesley _996548 |
|
| 942 | _cARTICULO | ||
| 773 | 1 |
_tConservation Ecology: a Peer-Reviewed Journal _3798 _h1 _q1-12 _d1999 _g3 |
|
| 999 |
_c12041 _d12041 |
||